<?xml version="1.0" encoding="UTF-8"?>
<record
    xmlns:xsi="http://www.w3.org/2001/XMLSchema-instance"
    xsi:schemaLocation="http://www.loc.gov/MARC21/slim http://www.loc.gov/standards/marcxml/schema/MARC21slim.xsd"
    xmlns="http://www.loc.gov/MARC21/slim">

  <leader>01222    a2200181   4500</leader>
  <controlfield tag="003">Nust</controlfield>
  <controlfield tag="005">20221209142916.0</controlfield>
  <datafield tag="020" ind1=" " ind2=" ">
    <subfield code="a">0071003932</subfield>
  </datafield>
  <datafield tag="040" ind1=" " ind2=" ">
    <subfield code="c">Nust</subfield>
  </datafield>
  <datafield tag="082" ind1=" " ind2=" ">
    <subfield code="a">621.382,GIL</subfield>
  </datafield>
  <datafield tag="100" ind1=" " ind2=" ">
    <subfield code="a">Gilmore,Charles M</subfield>
    <subfield code="9">19157</subfield>
  </datafield>
  <datafield tag="245" ind1=" " ind2=" ">
    <subfield code="a">Microprocessors Principles &amp; Applications /</subfield>
    <subfield code="c">Charles M Gilmore,</subfield>
  </datafield>
  <datafield tag="260" ind1=" " ind2=" ">
    <subfield code="a">Delhi</subfield>
    <subfield code="b">McGraw-Hill</subfield>
    <subfield code="c">1989</subfield>
  </datafield>
  <datafield tag="300" ind1=" " ind2=" ">
    <subfield code="a">xvii , 508p</subfield>
  </datafield>
  <datafield tag="505" ind1=" " ind2=" ">
    <subfield code="a">What is the Microprocessor (Page-1), The Decimal and Binary Number Systems (Page-16), Processor Arithmetic (Page-28), Basic Microprocessor Architectural Concepts (Page-49), Inside the Microprocessor (Page-71), An Introduction to Microprocessor Instructions (Page-102), Communicating with the Microprocessor (Page-127), Two 8-Bit Microprocessors: the Z80 and 6802 (Page-140), A Single Chip 8-Bit Microprocessor (Page-187), Sixteen BIT Microprocessors The 8088 and the 68000 (Page-224), Memory (Page-283), Mass Storage (Page-311), Microprocessor I/O (Page-340), An Introduction to Programming (Page-382), Operating Systems and System Software (Page-411), Servicing Microprocessor Based Products (Page-440), Developing Microprocessor-Based Products (Page-463).</subfield>
  </datafield>
  <datafield tag="650" ind1=" " ind2=" ">
    <subfield code="a">Telecommunications engineering.</subfield>
    <subfield code="9">58485</subfield>
  </datafield>
  <datafield tag="942" ind1=" " ind2=" ">
    <subfield code="2">ddc</subfield>
    <subfield code="c">BK</subfield>
  </datafield>
  <datafield tag="999" ind1=" " ind2=" ">
    <subfield code="c">190631</subfield>
    <subfield code="d">190631</subfield>
  </datafield>
  <datafield tag="952" ind1=" " ind2=" ">
    <subfield code="0">0</subfield>
    <subfield code="1">0</subfield>
    <subfield code="2">ddc</subfield>
    <subfield code="4">0</subfield>
    <subfield code="7">0</subfield>
    <subfield code="a">MCS</subfield>
    <subfield code="b">MCS</subfield>
    <subfield code="c">GEN</subfield>
    <subfield code="d">2016-12-12</subfield>
    <subfield code="o">621.382,GIL</subfield>
    <subfield code="p">MCS34613</subfield>
    <subfield code="r">2016-12-08</subfield>
    <subfield code="w">2016-12-12</subfield>
    <subfield code="y">BK</subfield>
    <subfield code="z">Almirah No.35, Shelf No.3</subfield>
  </datafield>
</record>
